000
00298nam a2200121 a 4500
005
20201002052859.0
008
150817s2005 000 spa d
020
_a
99993472808
100
_a
Vives, Vicens
_9
73119
245
0
_a
Lengua.
260
_a
Santo Domingo : Taller,
_c
2005.
999
_c
45939
_d
45939
040
_a
DO-SdBNP